| 000 | 00753nam0a22002411 4500 | ||
|---|---|---|---|
| 001 | rc\1155098 | ||
| 005 | 20250622202010.0 | ||
| 035 | _a(NLR Aleph) 006400155 | ||
| 090 |
_a5237385 _c5237385 |
||
| 100 | _a20041129d1980 |||y0rusy50 ca | ||
| 101 | 0 | _arus | |
| 102 | _aRU | ||
| 105 | _aa ||||||||| | ||
| 200 | 1 |
_aОткровения Снеговика _e[Справ. материалы _fАвт.-сост.: Э. Пасютин, Б. Федосов] |
|
| 210 |
_aМ. _cИзвестия _d1980 |
||
| 215 |
_a63 с., 4 л. цв. ил. _cил. _d21 |
||
| 700 | 1 |
_aПасютин _bЭ. _gЭдуард |
|
| 701 | 1 |
_aФедосов _bБ. _gБорис |
|
| 801 | 0 |
_aRU _bNLR _gpsbo |
|
| 801 | 1 |
_aRU _bELAR _2rusmarc |
|
| 852 |
_aNLR _j81-6/2804 |
||
| 942 | _cBOOK | ||
| 980 | _aNB | ||